Σχολική επίδοση και νοημοσύνη
Αποθηκεύτηκε σε:
| Κύριος συγγραφέας: | |
|---|---|
| Μορφή: | Βιβλίο |
| Γλώσσα: | Greek |
| Δημοσίευση: |
[Αθήνα] :
[Ελληνικαί Ιατρικαί εκδόσεις],
1967.
|
| Θέματα: | |
| Ετικέτες: |
Προσθήκη ετικέτας
Δεν υπάρχουν, Καταχωρήστε ετικέτα πρώτοι!
|
MARC
| LEADER | 00000cam a2200000 i 4500 | ||
|---|---|---|---|
| 001 | 1/86080 | ||
| 008 | 080522s1967 gr | ||| |||| ||gre|| | ||
| 035 | |l 10097578 | ||
| 040 | |a GR-MY-UA |b gre |e aacr | ||
| 041 | 0 | |a gre | |
| 082 | 7 | |a 370.152 |2 (22) | |
| 100 | 1 | |a Πετρουλάκης, Νικόλαος Β., |d 1921-2019. | |
| 245 | 1 | 0 | |a Σχολική επίδοση και νοημοσύνη / |c Νικολάου Β. Πετρουλάκη. |
| 260 | |a [Αθήνα] : |b [Ελληνικαί Ιατρικαί εκδόσεις], |c 1967. | ||
| 300 | |a 147 σ. : |b διαγρ., πίν. ; |c 24 εκ. | ||
| 500 | |a Υποβάλλεται στην Φιλοσοφική Σχολή του Αριστοτελείου Πανεπιστημίου Θεσσαλονίκης. | ||
| 500 | |a Διατριβή επί διδακτορία. | ||
| 504 | |a Βιβλιογραφία: σ. [137]-141. Ευρετήριο. | ||
| 650 | 0 | 0 | |a Children |x Intelligence levels. |
| 650 | 0 | 0 | |a Schools |x Records and correspondence. |
| 650 | 0 | 0 | |a Learning, Psychology of. |
| 852 | |a INST |b RHODES |c AKA |e 20080522 |h 370.152 ΠΕΤ |p 005400029177 |q 005400029177 |t BK |y 0 | ||
| 901 | |a BIBL4-2008-2 | ||
| 909 | |a Ρ |b 150101 | ||
| 970 | |a ΧΑΡΙΟΠΟΛΙΤΟΥ |b ΚΩΝΣΤΑΝΤΙΝΑ |z 2008/05/22 | ||